| 000 | 02588nam a2200493Ii 4500 | ||
|---|---|---|---|
| 001 | DIGLOM05048 | ||
| 003 | NyNyDIG | ||
| 006 | m o d | ||
| 007 | cr ||||||||||| | ||
| 008 | 120210s2007 cl h ob 000 0 spa d | ||
| 020 | _z956282926x | ||
| 020 | _z9789562829267 | ||
| 035 | _a(OCoLC)910281296 | ||
| 040 |
_aDGITA _beng _epn _cDGITA |
||
| 041 | 1 |
_aspa _hpor |
|
| 050 | 1 | 4 | _aHQ767 eBook |
| 100 | 1 |
_aFaúndes, Aníbal _d1931- |
|
| 240 | 1 | 0 |
_aDrama do aborto. _lSpanish |
| 245 | 1 | 3 |
_aEl drama del aborto : _ben busca de un consenso / _cAníbal Faúndes y José Barzelatto. |
| 250 | _a1. ed. en Chile | ||
| 264 | 1 |
_aSantiago de Chile, Chile : _bLOM Ediciones : _bObservatorio [de] Derechos de los Pueblos Indígenas, _c2007. |
|
| 300 |
_a1 online resource (213 pages) : _bill. |
||
| 336 |
_atext _btxt _2rdacontent |
||
| 337 |
_acomputer _bc _2rdamedia |
||
| 338 |
_aonline resource _bcr _2rdacarrier |
||
| 490 | 1 | _aCiencias humanas. Procesos sociales. | |
| 500 | _aTranslation of: O drama do aborto : em busca de um consenso. Campinas : Editora Komedi, 2004. | ||
| 504 | _aIncludes bibliographical references (p. 215-237). | ||
| 505 | 0 | _a1. Escuchando a las mujeres: ¿por qué decidieron abortar? -- 2. El significado de las palabras -- 3. La magnitud del aborto inducido -- 4. Consecuencias del aborto inseguro -- 5. ¿Por qué las mujeres se embarazan cuando no lo desean? -- 6.¿Por qué un embarazo es tan poco deseado que termina en un aborto? -- 7. Los profesionales de la salud frente a valores en conflicto -- 8. Valores religiosos -- 9. 10.Valores éticos -- 11. Los valores tal como se reflejan en la legislación -- 11. Cómo reducir la cantidad de abortos. -- 12 Cómo reducir el costo humano, social y económico del aborto -- 13. La paradoja: declararse "contra el aborto" y oponerse a la prevención de los embarazos no deseados -- 14. Hacia un "consenso entrecruzado" en materia de aborto. | |
| 650 | 0 |
_aAbortion _vCross-cultural studies. |
|
| 650 | 0 | _aAbortion, Induced | |
| 650 | 0 |
_aPregnancy, Unwanted _vCross-cultural studies. |
|
| 650 | 0 | _aHealth Policy | |
| 650 | 0 | _aWomen's Rights | |
| 655 | 0 | _aElectronic books. | |
| 700 | 1 |
_aBarzelatto, J. ; _q(José) |
|
| 791 | 2 |
_aDigitalia (Firm), _edistributor. |
|
| 830 | 0 | _aCiencias humanas (LOM Ediciones) | |
| 830 | 0 |
_aCiencias humanas (Santiago, Chile). _pProcesos sociales. |
|
| 793 | 0 |
_gDigitalia eBook Collection: _aLOM Ediciones |
|
| 856 | 4 | 0 |
_3Digitalia Hispánica _uhttps://www.digitaliapublishing.com/a/13236/ |
| 910 | _aPremium Collection: 2007-2012 | ||
| 942 | _cRAA | ||
| 999 |
_c232969 _d232969 |
||